La Guerra de las Galias /

Cada uno de los libros de la Guerra de las Galias corresponde a un año del conflicto: los siete libros de Julio César concluyen en el 52 a.C. y a ellos Aulo Hircio añade un octavo, relativo al año que se consuma la conquista gala. La presente edición reúne únicamente las páginas que César escribió s...

ver descrição completa

Na minha lista:
Detalhes bibliográficos
Autor principal: César, Cayo Julio (autor)
Outros Autores: Pallí Bonet, Julio (preliminares y bibliografía) (preliminares y bibliografía), Sola Farres, Eudaldo (preliminares y bibliografía) (preliminares y bibliografía), García Yebra, Valentín (traducción) (traducción), Escolar Sobrino, Hipólito (traducción) (traducción)
Formato: Livro
Idioma:espanhol
Assuntos:
Tags: Adicionar Tag
Sem tags, seja o primeiro a adicionar uma tag!

MARC

LEADER 00000nam^a2200000^a^4500
001 000102977
005 20250521000000.0
009 20260310093330.484
020 |a 84-02-02561-7 
037 |a Acervo ITESO - Biblioteca 
041 |a ESP 
082 |a 945. 0125  |b CES 
100 |a César, Cayo Julio  |e (autor) 
240 1 1 |a [Guerra de las Galias] 
240 1 1 |a [Comentarios de Julio César] 
245 1 3 |a La Guerra de las Galias /  |c C.J. César ; prelim. y bibliog. de J. Pallí Bonet, E. Sola Farres ; tr. por V. García Yebra, H. Escolar Sobrino. 
264 |a Barcelona, España :  |b Bruguera,  |c 1972 
300 |a 223 p. 
336 |a texto  |b txt  |2 rdacontenido 
337 |a sin mediación  |b n  |2 rdamedio 
338 |a volumen  |b nc  |2 rdasoporte 
500 |a Traducción de: De Bello Gallico 
520 |a Cada uno de los libros de la Guerra de las Galias corresponde a un año del conflicto: los siete libros de Julio César concluyen en el 52 a.C. y a ellos Aulo Hircio añade un octavo, relativo al año que se consuma la conquista gala. La presente edición reúne únicamente las páginas que César escribió sobre la Guerra de las Galias, sin incorporar el cierre firmado por Aulo Hircio. 
545 0 |a Cayo Julio César (Roma, ca. 101 a.C. - 44 a.C.), político, militar y escritor romano. Miembro de una familia de la vieja nobleza romana, recibió una educación esmerada, que perfeccionó en Rodas. Formó con Cneo Pompeyo Magno y Marco Licinio Craso el primer Triunvirato (60 a.C.) y un año más tarde asumió el cargo máximo de cónsul. Como procónsul de las Galias, inició en el 58 a.C. la campaña de conquista de ese territorio, concretada siete años después. Tras vencer a Pompeyo en la Guerra Civil de los años 49-48 a.C., se hizo nombrar dictador, título del que toma posesión vitalicia en el año 44 a.C., cuando fue asesinado a consecuencia de una conspiración. Un hombre de refinada cultura, escribió relevantes obras perdidas y un conjunto de textos conocidos como Comentarios de Julio César. El canon crítico le atribuye generalmente la autoría de los primeros siete libros de la Guerra de las Galias y los tres libros de la Guerra civil, que tuvieron continuación en textos adjudicados al general cesariano Aulo Hircio. El victorioso líder describió acontecimientos de los que fue protagonista y buscó explicar en ambas obras las razones de su comportamiento político y militar. 
649 |a XX 
650 |a Jefes de Estado Romanos -  |x Memorias 
650 |a Políticos Romanos -  |x Memorias 
650 |a Militares Romanos -  |x Memorias 
650 |a Galos -  |x Historia 
650 |a Celtas -  |x Historia 
650 |a Memorias Latinas 
650 |a Literatura Autobiográfica -  |z Roma 
650 |a Literatura Epica -  |z Roma 
650 |a Literatura Latina -  |y Siglo I a.C. 
650 |a Literatura Clásica -  |y Siglo I a.C. 
650 |a Bélgica -  |x Historia -  |y Siglo I a.C. 
650 |a Bélgica -  |x Historia -  |y 57 a.C.-Siglo V d.C. 
650 |a Francia -  |x Historia -  |y Siglo I a.C. -  |x Tema Principal 
650 |a Francia -  |x Historia -  |y Período Antiguo, 753 a.C.-987 d.C. 
650 |a Galia -  |x Historia -  |y Siglo I a.C. 
650 |a Galia -  |x Historia -  |y 58 a.C.-511 d.C. 
650 |a Roma -  |x Historia Militar 
650 |a Roma -  |x Historia -  |y Consulado, Dictaduras y Triunviratos, 122-31 a.C. -  |x Tema Principal 
650 |a Roma -  |x Historia -  |y Contienda Civil, 146-31 a.C. 
650 |a Roma -  |x Historia -  |y Siglo I a.C. 
650 |a Roma -  |x Historia -  |y República, 509-31 a.C. 
650 |a Historia Antigua 
650 |a César, Cayo Julio -  |x Tema Principal 
700 |a Pallí Bonet, Julio  |e (preliminares y bibliografía) 
700 |a Sola Farres, Eudaldo  |e (preliminares y bibliografía) 
700 |a García Yebra, Valentín  |e (traducción) 
700 |a Escolar Sobrino, Hipólito  |e (traducción) 
910 |a Fondo Jesús Rodríguez 
920 |a Impresos - Libros 
930 |a Fondos Especiales 
905 |a 113 
901 |a 0500039997  |b IT2  |c ESP  |u 20250521 
902 |a https://opac.biblio.iteso.mx/vufind/Record/000102977